| 000 | 00421nam a2200145 i 4500 | ||
|---|---|---|---|
| 001 | 74303 | ||
| 003 | ES-MaACL | ||
| 005 | 20230906172101.0 | ||
| 007 | t| | ||
| 008 | 040917s1914 ag ||||1| spa d | ||
| 100 | 1 |
_aGonzález Galé, José. _958639 |
|
| 245 | 1 | 3 |
_aEl seguro en caso de enfermedad / _cJosé González Galé. |
| 260 |
_aBuenos Aires : _b[s.n., _c1914] |
||
| 852 |
_aES-MaACL _j1592-F-6 |
||
| 999 |
_c74303 _d74303 |
||